000 00851cam a22002171ia4500
003 OSt
005 20260401123143.0
008 260331s2010 sy g b 001 0 ara c
040 _aSA-JeALM
_bara
_cSA-RiAUC
_dKAC
_erda
082 0 4 _a258.3
_qSA-RiAUC
090 _a258.3
_bج ي ل
100 1 _aالجيلاني، عمر بن حامد بن عبدالهادي.
_eمؤلف.
245 1 2 _aمشاركة فقهاء حضرموت في خدمة الفقه الشافعي/
_cعمر بن حامد بن عبدالهادي الجيلاني
264 1 _aالرياض :
_b[الناشر غير محدد]،
_c1998
300 _a31 صفحة ؛
_c22 سم.
336 _aنص
_btxt
_2rdacontent
_3كتاب
337 _aبدون وسيط
_bn
_2rdamedia
650 7 _aالفقه الشافعي
_2aucsh
942 _2ddc
_cBOOK
_n0
949 _aSA-JeALM
_d260331
_uosman123
_n1
999 _c14710
_d14710